1917 1347 1593 1639 1893 1673 1360 1257 1984 1940 1467 1805 1413 1951 1338 1831 1726 1249 1071 1985 1949 1635 1285 1034 1809 1146 1687 1687 1176 1100 1400 1770 1108 1444 1909 1144 1086 1165 1672 1642 1173 1756 1740 1960 1078 1431 1992 1604 1221 1279 1476 1987 1202 1936 1352 1354 1366 1385 1551 1022 1405 1108 1655 1495 1760 1005 1197 1799 1143 1273 1312 1021 1736 1784 1751 1917 1260 1552 1737 1792 1822 1733 1789 1419 1265 1429 1319 1255 1856 1342 1846 1763 1284 1021 1363 1518 1610 1204 1782 BCNSPRNW ULIB Ver.6.0+V

เปลี่ยนเป็นภาษาไทย

Change to English
 แสดงรายละเอียดบรรณานุกรม
  กลับหน้าหลัก

Brief Record : Get Marc (ISO 2709) : E-mail record : QR code < ปิดหน้าต่าง
LEADER : 00000nam 2200000uu 4500
001    13399123056
003     ULIB
008    131212s||||||||th 000 0 tha d
020    ^a9789741113828
060 04 ^aWJ300^bค695 2553
245 00 ^aคู่มือแนวทางการดูแลผู้ป่วยโรคไต :^bฉบับครบรอบ 50 ปีสาขาวิชาวักกะวิทยา /^cบรรณาธิการ, สมเกียรติ วสุวัฏฏกุล
250    ^aพิมพ์ครั้งที่ 1
260    ^aกรุงเทพฯ :^bสาขาวิชาวักกะวิทยา คณะแพทยศาสตร์ศิริราชพยาบาลมหาวิทยาลัยมหิดล,^c2553
300    ^a208 หน้า :^bภาพประกอบ ;^c21 ซม.
650  4 ^aไต, โรค^xการรักษา
653    ^aผลงานอาจารย์คณะแพทยศาสตร์ศิริราชพยาบาล
700 0  ^aสมเกียรติ วสุวัฏฏกุล,^eบรรณาธิการ
710 2  ^aมหาวิทยาลัยมหิดล. ^bคณะแพทยศาสตร์ศิริราชพยาบาล.^bสาขาวิชาวักกะวิทยา
945    ^p250^l0^i18553
945    ^p250^l0^i18552
995    ^aกัณชพร
999 ^a ใช้งานได้ทุกระบบ
รายการนี้ยังไม่มีแท็ก
คุณยังไม่ได้ล็อกอิน คุณสามารถมีกิจกรรมร่วมกับเว็บไซต์ได้ แต่ต้องล็อกอินก่อน ::
  ล็อกอิน

รายการสื่อสารสนเทศ

ลำดับที่ ประเภท เลขเรียก/บาร์โค้ด สถานที่ สถานะ
1. วิทยาศาสตร์การแพทย์ และสุขภาพ
วิทยาศาสตร์การแพทย์ และสุขภาพ
สถานะ=หนังสือเก่า
WJ300 ค695 2553  
  Barcode: 18553
ห้องสมุดวิทยาเขตนครสวรรค์
►ส่วนจัดเก็บหนังสือเก่า นว.
บนชั้น
  ขอยืม
2. วิทยาศาสตร์การแพทย์ และสุขภาพ
วิทยาศาสตร์การแพทย์ และสุขภาพ
สถานะ=หนังสือเก่า
WJ300 ค695 2553 ฉ.1 
  Barcode: 18552
ห้องสมุดวิทยาเขตนครสวรรค์
►ส่วนจัดเก็บหนังสือเก่า นว.
บนชั้น
  ขอยืม

BibComment


ยังไม่เคยถูกคอมเมนท์

คอมเมนท์ทรัพยากรรายการนี้
  คอมเมนท์: คู่มือแนวทางการด..


 Copyright 2026. Bcnsprnw @Library